00462nam a2200133Ia 4500008004100000040001800041041000800059100001900067245007700086260006000163300002400223650003100247651005000278130821s1993 is gr eng  aCo-BoUCMbspa aeng aMedzini, Meron aIsrael's foreign relations selected documents 1988-1992cMeron Medzini. aJerusalén (Israel)bMinistry of Foreign Affairsc1993 axxiv; 312 páginas04aRelaciones internacionales aIsraelbRelaciones internacionalesy1988-1992